Statystyki dla Dopasuj kluby do państw #2

Kliknij tutaj aby rozwiązać quiz!

Ogólne statystyki

  • Ten quiz został rozwiązany 234 razy
  • Średni wynik to 12 z 18

Statystyki odpowiedzi

KlubPaństwo% Poprawnych
PanathinaikosGrecja
99%
MontpelliérFrancja
96%
UD Las PalmasHiszpania
94%
BrentfordAnglia
91%
KaşimpaşaTurcja
89%
Vfl OsnabrückNiemcy
86%
Fc AstanaKazachstan
81%
DC UnitedStany Zjednoczone
77%
OB OdenseDania
74%
Falkenbergs FFSzwecja
69%
Desportivo AvesPortugalia
68%
Zulte WaregemBelgia
65%
Energie CottbusNiemcy
56%
Mlada BoleslavCzechy
52%
Vis PesaroWłochy
50%
TolucaMeksyk
27%
Slaven BelupoChorwacja
26%
Audex ItalianoChile
12%

Rozkład punktacji

Percentyl według liczby udzielonych odpowiedzi

Procent ludzi z każdym wynikiem

Twoja historia wyników

Nie rozwiązałeś tego quizu